01476nam a2200349 a 4500001001200000003000800012006001900020007001500039008004100054010001700095020003500112020001800147020002700165040002100192035002100213050002200234100003300256245011300289260006700402300001900469500014300488500003400631504005100665533015200716650002400868650002300892655002900915700002000944710001700964856012600981999001901107ebr10491921CaPaEBRm u cr cn|||||||||850403s1959 paua sb 001 0 eng d z 58010416  z0812219546 (pbk. : alk. paper) z9780812219548 z9780812200515 (e-book) aCaPaEBRcCaPaEBR a(OCoLC)75915819414aQH365b.O2 1959eb1 aDarwin, Charles,d1809-1882.14aThe origin of speciesh[electronic resource] :ba variorum text /cCharles Darwin ; edited by Morse Peckham. aPhiladelphia [Pa.] :bUniversity of Pennsylvania Press,c1959. a816 p. :bill. aWith a reproduction of the t.p. of the original ed. published in 1859 under title: On the origin of species by means of natural selection. aFirst paperback edition 2006. aIncludes bibliographical references and index. aElectronic reproduction.bPalo Alto, Calif. :cebrary,d2011.nAvailable via World Wide Web.nAccess may be limited to ebrary affiliated libraries. 0aEvolution (Biology) 0aNatural selection. 7aElectronic books.2local1 aPeckham, Morse.2 aebrary, Inc.40uhttp://site.ebrary.com/lib/rucke/Doc?id=10491921zAn electronic book accessible through the World Wide Web; click to view c125788d125788